|
|
|
|
| LEADER |
00000nam0a2200000 4500 |
| 001 |
68238 |
| 005 |
20251203135450.0 |
| 035 |
|
|
|a (RuTPU)RU\TPU\book\72656
|
| 090 |
|
|
|a 68238
|
| 100 |
|
|
|a 20041004d1975 k y0rusy50 ca
|
| 101 |
1 |
|
|a rus
|c eng
|
| 102 |
|
|
|a RU
|
| 105 |
|
|
|a a j 001zy
|
| 200 |
1 |
|
|a Статистические методы анализа наблюдений
|e перевод с английского
|f З. Брандт
|
| 210 |
|
|
|a Москва
|c Мир
|d 1975
|
| 215 |
|
|
|a 312 с.
|c ил.
|
| 300 |
|
|
|a Доп. тит. лист
|
| 320 |
|
|
|a Библиогр.: с. 306-308.
|
| 320 |
|
|
|a Предметный указатель: с. 309-310.
|
| 610 |
1 |
|
|a математика
|
| 610 |
1 |
|
|a статистика
|
| 610 |
1 |
|
|a анализ статистический
|
| 610 |
1 |
|
|a теория вероятностей
|
| 610 |
1 |
|
|a случайные величины
|
| 675 |
|
|
|a 519.23
|v 3
|
| 700 |
|
1 |
|a Брандт
|b З.
|
| 801 |
|
1 |
|a RU
|b 63413507
|c 20041004
|g PSBO
|
| 801 |
|
2 |
|a RU
|b 63413507
|c 20140325
|g PSBO
|
| 942 |
|
|
|c BK
|